| 000 | 00401nam a2200157Ia 4500 | ||
|---|---|---|---|
| 008 | 230917s9999||||xx |||||||||||||| ||und|| | ||
| 020 | _cPON7.5 | ||
| 040 |
_e18835 _aMAIN |
||
| 041 | _aEnglish | ||
| 082 | _a330.9 J717I | ||
| 100 | _aJones, Hywel G | ||
| 245 | 0 | _aIntroduction to modern theories of economic growth | |
| 260 |
_aNairobi Kenya _bNelson _c1975 |
||
| 300 | _aix, 253 p. | ||
| 942 | _cBK | ||
| 999 |
_c201097 _d201097 |
||